हिंदुत्व : सामाजिक समरसत्ता : जैन, बौद्ध और सिखधर्मों का सार (Record no. 29581)
[ view plain ]
| 000 -LEADER | |
|---|---|
| fixed length control field | 00435nam a22001217a 4500 |
| 003 - CONTROL NUMBER IDENTIFIER | |
| control field | SGT |
| 082 ## - DEWEY DECIMAL CLASSIFICATION NUMBER | |
| Classification number | 301.2 |
| Item number | H15B |
| 100 ## - MAIN ENTRY--PERSONAL NAME | |
| Personal name | भागवत, मोहनराव |
| 245 ## - TITLE STATEMENT | |
| Title | हिंदुत्व : सामाजिक समरसत्ता : जैन, बौद्ध और सिखधर्मों का सार |
| 260 ## - PUBLICATION, DISTRIBUTION, ETC. (IMPRINT) | |
| Name of publisher, distributor, etc | सुरुचि प्रकाशन |
| Year of Publication | 2015 |
| 300 ## - PAGE DESCRIPTION | |
| No. of Pages | 125 |
| 942 ## - ADDED ENTRY ELEMENTS (KOHA) | |
| Source of classification or shelving scheme | Dewey Decimal Classification |
| Koha item type | Books |
| Withdrawn status | Lost status | Source of classification or shelving scheme | Damaged status | Not for loan | Home library | Current library | Shelving location | Date acquired | SGTU | Total Checkouts | Full call number | Accession No. (Barcode) | Date last seen | Bill Date | Koha item type |
|---|---|---|---|---|---|---|---|---|---|---|---|---|---|---|---|
| Dewey Decimal Classification | Not For Loan | SGT Chancellor's Library | SGT Chancellor's Library | Reference Book | 03/02/2025 | SGTU | 301.2 H15B | CH2160 | 03/02/2025 | 03/02/2025 | Books |